000 00473 a2200157 4500
999 _c6380
_d6380
020 _a1920029575
050 _aPl8771.02 MMB
100 _aMmbi, M.N
245 _aKha ri ditongise :
_bBugu ya u vhala: Gireidi 7 /
_cMmbi M.N and Dr Pheswana, N.E
264 _aThohoyandou:
_bKalahari Productions and Booksellers,
_c2004.
300 _a100p. :
500 _aIn Venda
650 _aVenda
_xLanguages
700 _aDr Phaswana, N.E
_eAuthor
942 _2lcc
_cBK
_h8771.02
_iMMB
_kPL